| Tag |
First Indicator |
Second Indicator |
Subfields |
| LEADER |
00000cam a22000008i 4500 |
| 001 |
in00000068134 |
| 005 |
20151008051339.0 |
| 008 |
781128s1979 enk b 00110 eng |
| 010 |
|
|
|a 78040863
|
| 015 |
|
|
|a GB78
|
| 020 |
|
|
|a 0582489911 :
|c 5.75
|
| 035 |
|
|
|a (OCoLC)04494423
|
| 035 |
|
|
|9 AAG7332AM
|
| 040 |
|
|
|a DLC
|c DLC
|d TXA
|d UtOrBLW
|
| 041 |
1 |
|
|a eng
|a fre
|
| 049 |
|
|
|a TXAM
|c [1497437]
|
| 050 |
0 |
0 |
|a HF1025
|b .B34813
|
| 082 |
0 |
|
|a 380
|
| 100 |
1 |
|
|a Beaujeu-Garnier, Jacqueline.
|
| 240 |
1 |
3 |
|a La geographie du commerce. English
|
| 245 |
1 |
0 |
|a Geography of marketing /
|c J. Beaujeu-Garnier, Annie Delobez ; translated by S. H. Beaver.
|
| 250 |
|
|
|a 1st ed.
|
| 263 |
|
|
|a 7907
|
| 264 |
|
1 |
|a London ;
|a New York :
|b Longman,
|c 1979.
|
| 300 |
|
|
|a xxiii, 263 pages :
|b illustrations ;
|c 24 cm.
|
| 336 |
|
|
|a text
|b txt
|2 rdacontent
|
| 337 |
|
|
|a unmediated
|b n
|2 rdamedia
|
| 338 |
|
|
|a volume
|b nc
|2 rdacarrier
|
| 490 |
1 |
|
|a Geographies for advanced study
|
| 500 |
|
|
|a Translation with new material of La geographie du commerce.
|
| 500 |
|
|
|a Includes index.
|
| 504 |
|
|
|a Bibliography: pages 252-259.
|
| 650 |
|
0 |
|a Commercial geography.
|
| 650 |
|
0 |
|a Commerce.
|
| 700 |
1 |
|
|a Delobez, Annie.
|
| 700 |
1 |
|
|a Beaver, S. H.
|q (Stanley Henry),
|d 1907-1984.
|
| 830 |
|
0 |
|a Geographies for advanced study.
|
| 999 |
|
|
|a MARS
|
| 999 |
f |
f |
|s 33088487-378b-3668-bc78-985ac1096962
|i f6766402-74fe-321f-95eb-a0abe3a4c3cf
|t 0
|
| 952 |
f |
f |
|p ric
|a Texas A&M University
|b Rellis Campus
|c Joint Library Facility
|d Remote Storage
|t 0
|e HF1025 .B34813
|h Library of Congress classification
|i unmediated -- volume
|m A14802764160
|
| 998 |
f |
f |
|a HF1025 .B34813
|t 0
|l Remote Storage
|